000
00279nam a22001337a 4500
008
210323b ||||| |||| 00| 0 eng d
041
_a
eng
080
_a
7
082
_a
7
100
_a
44
101
_a
ART
245
_a
AdR Book Beyond Fashion
_c
Russo,A.D
942
_2
udc
_c
BK
999
_c
56685
_d
56685